മലയാള മഹാനിഘണ്ടു: സമഗ്രമായ മലയാളം-മലയാളം-ഇംഗ്ലീഷ് നിഘണ്ടു: ആഗമികവും ഭാഷാശാസ്ത്രപരവുമായ തത്ത്വങ്ങളെ ആധാരമാക്കി നിർമ്മിച്ചിട്ടുള്ളതു്: വാല്യം 6: ത-ദീ (Record no. 84802)
[ view plain ]
| 000 -LEADER | |
|---|---|
| fixed length control field | 01055nam a2200169Ia 4500 |
| 003 - CONTROL NUMBER IDENTIFIER | |
| control field | STCL |
| 008 - FIXED-LENGTH DATA ELEMENTS--GENERAL INFORMATION | |
| fixed length control field | 181203s9999 xx 000 0 und d |
| 040 ## - CATALOGING SOURCE | |
| Original cataloging agency | STCL |
| Language of cataloging | EN |
| Transcribing agency | STCL |
| 082 ## - DEWEY DECIMAL CLASSIFICATION NUMBER | |
| Edition number | 22 |
| 100 ## - MAIN ENTRY--PERSONAL NAME | |
| Personal name | Balakrishnan, B.C., Ed. |
| 245 #0 - TITLE STATEMENT | |
| Title | മലയാള മഹാനിഘണ്ടു: സമഗ്രമായ മലയാളം-മലയാളം-ഇംഗ്ലീഷ് നിഘണ്ടു: ആഗമികവും ഭാഷാശാസ്ത്രപരവുമായ തത്ത്വങ്ങളെ ആധാരമാക്കി നിർമ്മിച്ചിട്ടുള്ളതു്: വാല്യം 6: ത-ദീ |
| 246 ## - VARYING FORM OF TITLE | |
| Title proper/short title | മലയാളം ലെക്സിക്കൺ / ലക്സിക്കൺ / ലക്സിക്കൻ / ലെക്സിക്കൻ: Malayalam Lexicon: A Comprehensive Malayalam-Malayalam-English Dictionary on Historical and Philological Principles: Volume 6 |
| 260 ## - PUBLICATION, DISTRIBUTION, ETC. (IMPRINT) | |
| Name of publisher, distributor, etc. | University of Kerala |
| Place of publication, distribution, etc. | Thiruvananthapuram |
| Date of publication, distribution, etc. | 1988 |
| 300 ## - PHYSICAL DESCRIPTION | |
| Extent | 830 |
| 546 ## - LANGUAGE NOTE | |
| Language note | Malayalam |
| 942 ## - ADDED ENTRY ELEMENTS (KOHA) | |
| Source of classification or shelving scheme | Dewey Decimal Classification |
| Koha item type | Book |
| Withdrawn status | Lost status | Source of classification or shelving scheme | Damaged status | Not for loan | Home library | Current library | Shelving location | Date acquired | Total Checkouts | Full call number | Barcode | Date last seen | Price effective from | Koha item type |
|---|---|---|---|---|---|---|---|---|---|---|---|---|---|---|
| Dewey Decimal Classification | Santhome Athenaeum | Santhome Athenaeum | General Stacks | 03/12/2018 | 494.812 KER-M:6 | 93311 | 03/12/2018 | 03/12/2018 | Book |